00672cam a22002057a 4500003000500000005001700005008004100022010001000063011001000073035001100083040000900094082001500103100002400118245018600142260002400328300002000352650003400372650004200406700001800448CHAP20220329142923.0050224d2003 eu a r 00110 eng d a89670 a90642 a101198 cCHAP04a333.72bH700aHarwood, R. R.eed.10aResearch towards integrated natural resources management :bexamples of research problems, approaches and partnerships in action in the CGIARc/ed. by R. R. Harwood and A. H. Kassam aRome :bFAO,c2003. a168 p. :bilus.14aAgriculturaxInvestigación.14aRecursos naturalesxAdministración.0 aKassam, A. H.